<The> Position of Scotland within the UK

Referendum v Škotsku. Pozitíva a negatíva škótskej nezávislosti. Výsledky referenda.

Salvato in:
Dettagli Bibliografici
Autore principale: Lipková, Ľudmila
Natura: Capitolo di libro
Lingua:inglese
Soggetti:
Tags: Aggiungi Tag
Nessun Tag, puoi essere il primo ad aggiungerne!!

MARC

LEADER 00000naa$a2200000$$$4500
001 0207164
005 20240502083518.5
041 0 |a eng 
044 |a HU 
245 1 0 |a <The> Position of Scotland within the UK  |c Ľudmila Lipková 
520 |a Referendum v Škotsku. Pozitíva a negatíva škótskej nezávislosti. Výsledky referenda. 
610 2 0 |a referendum 
610 2 0 |a Škótsko 
610 2 0 |a 2014 
100 1 |a Lipková, Ľudmila